000 00488nam a2200181Ia 4500
008 230711s9999||||xx |||||||||||||| ||und||
020 _a978-0-8493-7227-8
041 _aENG
082 _a570.2825
_bCA-C
100 _aAnnie, Cavalier
245 0 _aHandbook of Cryo-Preparation Methods for Electron Microscopy
250 _a1st Ed.
260 _c2009
_aNew York
_bCRC Press Taylor & Francis Group
300 _a682p.
650 _aChemistry
700 _aDaniele Spehner
942 _cBK
999 _c6906
_d6906